| 000 | 01150nam a2200229 i 4500 | ||
|---|---|---|---|
| 001 | 158960 | ||
| 003 | ES-MaACL | ||
| 005 | 20240228213523.0 | ||
| 008 | 990325s1855 sp |||| | spa d | ||
| 080 | _a94(460)"1516/1700" | ||
| 100 | 1 |
_aMartínez de la Rosa, Francisco, _d1787-1862 _978009 |
|
| 245 | 1 | 0 |
_aBosquejo histórico de la política de España en tiempo de la dinastía austriaca : _bdiscurso leído en sesión publica en la Real Academia de la Historia el 22 de abril de 1855 / _cpor el Exmo. Sr. D. Francisco Martínez de la Rosa. |
| 260 |
_aMadrid : _b[s.n.], _c1855 ( _fImp. a cargo de José Montegrifo) |
||
| 300 |
_a66, XXII p. ; _c24 cm. |
||
| 530 | _aDisponible en formato digital. | ||
| 597 | _aPort. con esc. real. | ||
| 651 | 4 |
_aEspaña- _xHistoria- _y1516-1700, Casa de Austria _98228 |
|
| 710 | 2 |
_aReal Academia de la Historia (España) _96309 |
|
| 852 |
_aES-MaACL _jT-67-F-3 _z- Enc. hol., falto de cub. original _z- Enc. en un vol. facticio |
||
| 856 |
_uhttp://www.bibliotecavirtualdeandalucia.es/catalogo/es/consulta/registro.cmd?id=7976 _zBiblioteca Virtual de Andalucía |
||
| 999 |
_c158960 _d158960 |
||